| 000 | 01060nam a22003137a 4500 | ||
|---|---|---|---|
| 001 | 7468 | ||
| 003 | FISKH | ||
| 005 | 20250717160525.0 | ||
| 008 | 250717b cb ||||| |||| 00| 0 eng d | ||
| 020 | _a0439412889 | ||
| 040 |
_aFISKH _beng _cFISKH _dFISKH |
||
| 050 | _aPZ7.S78694 C | ||
| 082 | _a813.6 | ||
| 100 | _aStanley, George E. | ||
| 245 |
_aThe clue of the left-handed envelope / _cby George E. Stanley : illustrated by Salvatore Murdocca |
||
| 250 | _aFirst Scholastic printing ,April 2002 | ||
| 260 |
_aNew York : _bScholastic , _c2000. |
||
| 300 |
_a62 pages : _billustrations ; _c20 cm . |
||
| 490 |
_aThird-Grade Detectives _v1 |
||
| 505 | _aM | ||
| 520 | _aWith the help of their third-grade teacher and classmates, Noelle and Todd discover who sent an anonymous letter to Amber Lee. | ||
| 521 | 8 |
_a550
_bLexile |
|
| 521 | 8 |
_aM
_bRaz-Plus |
|
| 650 |
_aThird Grade Detectives _vFiction |
||
| 650 |
_aMysteries _vFiction |
||
| 700 |
_aMurdocca, Salvatore _eIllustrator |
||
| 942 |
_2ddc _cBK _n0 |
||
| 999 |
_c7468 _d7468 |
||